Los españoles según Calderón (Registro nro. 165527)

Detalles MARC
000 -LEADER
campo de control de longitud fija 01082nam a2200229 i 4500
001 - NÚMERO DE CONTROL
campo de control 165527
003 - IDENTIFICADOR DE NÚMERO DE CONTROL
campo de control ES-MaACL
005 - FECHA Y HORA DE LA ÚLTIMA TRANSACCIÓN
campo de control 20250911063600.0
008 - DATOS DE LONGITUD FIJA--INFORMACIÓN GENERAL
campo de control de longitud fija 931025s1881 sp |||| | spa d
040 ## - FUENTE DE CATALOGACIÓN
Lengua de catalogación spa
Centro/agencia transcriptor PAB
100 1# - ENTRADA PRINCIPAL--NOMBRE DE PERSONA
Nombre de persona Soler y Arqués, Carlos,
Fechas asociadas al nombre 1836-1896
9 (RLIN) 132802
245 14 - MENCIÓN DEL TÍTULO
Título Los españoles según Calderón
Resto del título : discurso acerca de las costumbres públicas y privadas de los españoles en el siglo \RXVII\R fundado en el estudio de las comedias de Calderón de la Barca /
Mención de responsabilidad, etc. escrito por Don Carlos Soler y Arqués ...
260 ## - PUBLICACIÓN, DISTRIBUCIÓN, ETC.
Lugar de publicación, distribución, etc. Madrid :
Nombre del editor, distribuidor, etc. [s.n.],
Fecha de publicación, distribución, etc. 1881 (
Fabricante Tipografía Guttenberg)
300 ## - DESCRIPCIÓN FÍSICA
Extensión 88 p. ;
Dimensiones 25 cm.
500 ## - NOTA GENERAL
Nota general Premiado por la Real Academia de Ciencias Morales y Políticas.
600 14 - PUNTO DE ACCESO ADICIONAL DE MATERIA--NOMBRE DE PERSONA
Nombre de persona Calderón de la Barca, Pedro-
Subdivisión general Crítica e interpretación
9 (RLIN) 33614
650 #4 - PUNTO DE ACCESO ADICIONAL DE MATERIA--TÉRMINO DE MATERIA
Término de materia o nombre geográfico como elemento de entrada España-
Subdivisión general Usos y costumbres.
9 (RLIN) 224201
700 1# - ENTRADA AGREGADA--NOMBRE PERSONAL
Nombre de persona Gutenberg,
Término indicativo de función/relación
9 (RLIN) 127651
752 ## - ENTRADA AGREGADA--NOMBRE JERÁRQUICO DEL LUGAR
País o entidad superior España -
Ciudad Madrid
852 ## - LOCALIZACIÓN
Ubicación ES-MaACL
Número de control de estantería F-M-III-O (VI)
Nota libre -- Enc. pasta española
condición física -- Falto de la cub. original
Nota libre -- Enc. en un vol. facticio
Existencias
Estatus retirado Estado de pérdida Estado de daño No para préstamo Colección Biblioteca de origen Biblioteca actual Ubicación en estantería Fecha de adquisición Fuente de adquisición Total de préstamos Signatura topográfica completa Código de barras Visto por última vez Precio de reemplazo Tipo de ítem Koha
        Libros del s. XIX Biblioteca del Ateneo de Madrid Biblioteca del Ateneo de Madrid Administración 17/01/2008     F-M-III-O (VI) 1173587 23/02/2023 23/02/2023 Libro impreso antiguo